00858nam a2200277Ia 4500003001000000005001700010007000300027008004100030020001500071040003500086084001100121100003900132245004500171250001800216264003400234300002500268336002700293337003300320338002800353490001900381500001900400650003800419650004200457650003500499650004600534CO-BoRNBP20230414140545.0ta160315s1999 mx g 000 f spa  a9684114451 aCO-BoRNBPbspaerdacCO-BoRNBP aN JAR11 aJaramillo Agudelo, Darío,d1947-10aCartas cruzadascDario Jaramillo Agudelo a1a. edición aMéxicobEdiciones Erac1999 a557 páginasc21 cm atextobtxt2rdacontent asin mediaciónbn2rdamedia avolumenbnc2rdacarrier aBiblioteca Era aIncluye Indice142LEMBaNovela colombianaySiglo XX142LEMBaLiteratura colombianaySiglo XX142LEMBaFamilia en la literatura142LEMBaProblemas sociales en la literatura